MARC

Tag First Indicator Second Indicator Subfields
LEADER 00000cam a2200000 a 4500
001 in00000084138
005 20151008055700.0
008 801008s1981 cou b 10000 engm
010 |a  80025264  
020 |a 0891589562 :  |c $18.50 (est.) 
035 |a (OCoLC)06889494 
035 |9 AAJ4104AM 
040 |a DLC  |c DLC  |d m.c.  |d OCL  |d TXA  |d UtOrBLW 
043 |a n-us--- 
049 |a TXAM  |c [1672866] 
050 0 0 |a HQ536  |b .A66 
082 0 |a 362.8/2  |2 19 
245 0 0 |a Approaches to child and family policy /  |c edited by Harold C. Wallach. 
264 1 |a Boulder, Colo. :  |b Published by Westview Press for American Association for the Advancement of Science, Washington, D.C.,  |c 1981. 
300 |a xii, 170 pages :  |b illustrations ;  |c 24 cm. 
336 |a text  |b txt  |2 rdacontent 
337 |a unmediated  |b n  |2 rdamedia 
338 |a volume  |b nc  |2 rdacarrier 
490 1 |a AAAS selected symposium ;  |v 56 
500 |a Based on a symposium held at the 1979 AAAS national annual meeting, Houston, Tex., Jan. 3-8, sponsored by AAAS Section H (Anthropology) and others. 
504 |a Includes bibliographical references. 
650 0 |a Family policy  |z United States  |v Congresses. 
650 0 |a Youth  |x Government policy  |z United States  |x Congresses. 
650 0 |a Child welfare  |z United States  |v Congresses. 
650 0 |a Children  |x Legal status, laws, etc.  |z United States  |x Congresses. 
700 1 |a Wallach, Harold C. 
710 2 |a American Association for the Advancement of Science.  |b Section on Anthropology. 
830 0 |a AAAS selected symposium ;  |v 56. 
999 |a MARS 
999 f f |s c64716c9-7016-3ab4-8e76-ece29f1ae865  |i ce1d0beb-2e2b-36fe-baf0-949756aac422  |t 0 
952 f f |p ric  |a Texas A&M University  |b Rellis Campus  |c Joint Library Facility  |s JLF  |d Remote Storage  |t 0  |e HQ536 .A66  |h Library of Congress classification  |i unmediated -- volume  |m A14806141851 
998 f f |a HQ536 .A66  |t 0  |l Remote Storage